000 00433nam a2200157 i 4500
001 117260
003 ES-MaACL
005 20230906190848.0
007 t|
008 070301s1965 sp |||| | spa d
100 1 _aPaz Maroto, José.
_989776
245 1 0 _aVersos palentinos /
_cJosé Paz Maroto.
260 _aPalencia :
_b[s. n.],
_c1965 (
_fInd. Gráf. Diario-Día)
300 _a134 p. ;
_c19 cm.
852 _aES-MaACL
_jC-27299
999 _c117260
_d117260